| 000 | 00919nam a2200265 a 4500 | ||
|---|---|---|---|
| 003 | CBULib | ||
| 005 | 20240129081741.0 | ||
| 008 | 160920s2015 ||||||||||||||||| || u | ||
| 040 |
_bEnglish _cCBULib _erda |
||
| 041 | _aeng | ||
| 050 | _aCBU-PG THESIS/PAL | ||
| 100 |
_aPalaata, Stephen _92208 |
||
| 245 | 1 | 3 |
_aAn analysis of orgaganizational commitment and performance in the Banking sector: a case of Kitwe _c / by Stephen Palaata |
| 260 |
_aKitwe, _bCopperbelt University _c2015 : |
||
| 300 | _axi, 105p.: ill. | ||
| 336 |
_2rdacontent _aText | _btxt |
||
| 337 |
_2rdamedia _aUnmediated | _bn |
||
| 338 |
_2rdacarrier _aVolume _bnc |
||
| 500 | _aincludes bibliographical references and appendices | ||
| 650 | _aBANKING SERVICES--RESEARCH | ||
| 650 | _aBANKS AND BANKING -- ZAMBIA | ||
| 650 | _aORGANIZATIONAL ANALYSIS | ||
| 942 |
_2lcc _c030 |
||
| 999 |
_c34263 _d34263 |
||